| 000 | 00519cam a2200157 4500 | ||
|---|---|---|---|
| 082 |
_a940.4 _bANO |
||
| 100 | 1 |
_aCarey, G. V. _949439 |
|
| 245 | 1 | 3 |
_aAn outline history of the great war, _ccompiled by G. V. Carey ... & H. S. Scott ... |
| 260 |
_aCambridge [Eng.] _bUniversity Press _c1928. |
||
| 300 |
_avi, 279 p. _bill. (maps) plates _c20 cm. |
||
| 526 |
_a0 _b0 _c0 _d940_400000000000000_ANO |
||
| 650 | 0 |
_aMCE _9379 |
|
| 650 | 0 |
_aWorld War, 1914-1918. _928173 |
|
| 700 | 1 |
_aScott, Hugh Sumner, _949440 |
|
| 942 |
_2ddc _cBK |
||
| 999 |
_c552216 _d552216 |
||